000 00590 a2200169 4500
020 _a0415267994
020 _a9780415267991
082 0 4 _a515
090 _c175
_d175
100 1 _aFuruta, Takayuki.
245 1 0 _aInvitation to linear operators :
_bfrom matrices to bounded linear operators on a hilbert space /
_cTakayuki Furuta.
250 _a1st ed.
260 _a[S.l.] :
_bCRC Press,
_c2002.
300 _a254 p. ;
_c19 cm.
942 _aSNS
_cBK
_k517.7 FUR
999 _c28813
_d28813